| 000 | 00519nam a2200169 i 4500 | ||
|---|---|---|---|
| 001 | 97490 | ||
| 003 | ES-MaACL | ||
| 005 | 20230906182118.0 | ||
| 007 | t| | ||
| 008 | 050712s1935 xxk ||||1| eng d | ||
| 100 | 1 |
_aMarcu, Valeriu. _976550 |
|
| 245 | 1 | 4 |
_aThe expulsion of the jews from Spain / _cValeriu Marcu; translated from the German of Valeriu Marcu by Moray Firth. |
| 260 |
_aLondon : _bLowe and Brydone, _c1935. |
||
| 300 |
_a181 p. ; _c19 cm. |
||
| 700 | 1 |
_aMoray, Firth. _983172 |
|
| 852 |
_aES-MaACL _jA-4208 |
||
| 999 |
_c97490 _d97490 |
||